| 000 | 00610nam a2200193Ii 4500 | ||
|---|---|---|---|
| 003 | JO-AjNU | ||
| 008 | 230605s9999||||xx |||||||||||||| ||und|| | ||
| 040 |
_aJO-AjNU _bara _erda _cJO-AjNU |
||
| 041 | _aara | ||
| 050 | 1 | 4 | _aDT194.S43 |
| 100 | 3 |
_aشبابه، محمد يوسف، م.مشارك أيمن عبد العزيز جبر, _eauthor _920707 |
|
| 245 | 0 | 0 | _aمشاهير الصحابة |
| 264 | 3 | 1 | _aد.م: د.ن، د.ت |
| 300 | _a96ص | ||
| 336 |
_atext _btxt _2rdacontent |
||
| 337 |
_aunmediated _bn _2rdamedia |
||
| 338 |
_avolume _bnc _2rdacarrier |
||
| 650 | 4 |
_aالصحابة - تراجم _920708 |
|
| 999 |
_aA7069 _c10637 _d10637 |
||